Matter and materials Vol 4

Bibliographic Details
Main Author: Lafferty,Peter
Format: Book
Published: Chicago : J.G.Ferguson publishing company , 1996
Series:New science library
Subjects:

MARC

LEADER 00000cam a2200000 7i4500
001 0000062994
005 20160517.0
008 160517
020 |a 089434160X (set) 
090 0 0 |a 500   |b LAF 
100 1 |a Lafferty,Peter 
245 1 0 |a Matter and materials   |c Peter Lafferty .   |n Vol 4 
260 |a Chicago :   |b J.G.Ferguson publishing company ,   |c 1996 
490 1 |a New science library 
650 0 |a Physical sciences--juvenile literature 
650 0 |a Science--juvenile literature 
999 |a 0000576457   |b Book   |c Adult Collection   |e Cawangan Muar 
999 |a 0000576493   |b Book   |c Adult Collection   |e Cawangan Pontian